Pink Floyd Songs - Sudden Death - Statistics

General Stats
  • This quiz has been taken 873 times
  • The average score is 11 of 17
Answers on the Grid
Answers color-coded by a green-red scale on the quiz's grid according to % correct below.
Comfortably Numb
Us and Them
Roundabout
Echoes
Goodbye Blue Sky
Free Bird
The Passenger
Time
Changes
Old Man
The Knife
Astronomy Domine
Welcome to the Machine
Heart of the Sunrise
Sheep
Black Dog
Won't Get Fooled Again
Hey You
Firth of Fifth
Have a Cigar
The Gunner's Dream
Learning to Fly
Childhood's End
War Pigs
Young Lust
Kashmir
Money
Child in Time
Summer '68
Disorder
Dogs
Wild Horses
 
Answer Stats
Answer % Correct
Comfortably Numb
97%
Time
88%
Us and Them
84%
Echoes
78%
Have a Cigar
76%
Hey You
75%
Welcome to the Machine
75%
Money
74%
Goodbye Blue Sky
66%
Sheep
66%
Dogs
65%
Learning to Fly
60%
Young Lust
55%
Astronomy Domine
53%
The Gunner's Dream
38%
Summer '68
37%
Childhood's End
31%
No matching quizzes found
Score Distribution
Percent of People with Each Score
Percentile by Number Answered
Your Score History
You have not taken this quiz